Experiments in physical chemistry / (Record no. 35173)

MARC details
000 -LEADER
fixed length control field 01025pam a2200277 i 4500
001 - CONTROL NUMBER
control field 2298907
003 - CONTROL NUMBER IDENTIFIER
control field OSt
005 - DATE AND TIME OF LATEST TRANSACTION
control field 20220418161440.0
008 - FIXED-LENGTH DATA ELEMENTS--GENERAL INFORMATION
fixed length control field 800722s1981 nyua b 001 0 eng
010 ## - LIBRARY OF CONGRESS CONTROL NUMBER
LC control number 80020081
020 ## - INTERNATIONAL STANDARD BOOK NUMBER
International Standard Book Number 0070570051 :
Terms of availability $19.95
040 ## - CATALOGING SOURCE
Original cataloging agency DLC
Transcribing agency HU
Modifying agency DLC
050 00 - LIBRARY OF CONGRESS CALL NUMBER
Classification number QD457
Item number .S56 1981
082 00 - DEWEY DECIMAL CLASSIFICATION NUMBER
Classification number 541.3/078 EXP 1989
Edition number 19
245 00 - TITLE STATEMENT
Title Experiments in physical chemistry /
Statement of responsibility, etc. David P. Shoemaker ... [et al.].
250 ## - EDITION STATEMENT
Edition statement 4th ed.
260 ## - PUBLICATION, DISTRIBUTION, ETC.
Place of publication, distribution, etc. New York :
Name of publisher, distributor, etc. McGraw-Hill,
Date of publication, distribution, etc. c1981.
300 ## - PHYSICAL DESCRIPTION
Extent xii, 890p.
Other physical details ill. ;
Dimensions 25 cm.
500 ## - GENERAL NOTE
General note First-2d ed. by D. P. Shoemaker and C. W. Garland; 3d ed. by D. P. Shoemaker, C. W. Garland, and J. I. Steinfeld.
504 ## - BIBLIOGRAPHY, ETC. NOTE
Bibliography, etc. note Includes bibliographical references and index.
650 #0 - SUBJECT ADDED ENTRY--TOPICAL TERM
Topical term or geographic name entry element Chemistry, Physical and theoretical
General subdivision Laboratory manuals.
9 (RLIN) 27090
700 1# - ADDED ENTRY--PERSONAL NAME
Personal name Shoemaker, David P.
9 (RLIN) 27091
700 1# - ADDED ENTRY--PERSONAL NAME
Personal name Shoemaker, David P.
Title of a work Experiments in physical chemistry.
9 (RLIN) 27092
906 ## - LOCAL DATA ELEMENT F, LDF (RLIN)
a 7
b cbc
c orignew
d u
e ocip
f 19
g y-gencatlg
942 ## - ADDED ENTRY ELEMENTS (KOHA)
Source of classification or shelving scheme Dewey Decimal Classification
Koha item type Books like text book referance book
Suppress in OPAC No
Holdings
Withdrawn status Lost status Source of classification or shelving scheme Damaged status Not for loan Collection code Home library Current library Shelving location Date acquired Total Checkouts Full call number Barcode Date last seen Copy number Price effective from Koha item type
    Dewey Decimal Classification     Reference Wondo Genet Library Wondo Genet Library General Stacks 04/18/2022   541.3/078 EXP 1989 WGCFNRL00019544 04/18/2022 1 04/18/2022 Books like text book referance book
    Dewey Decimal Classification     Reference Wondo Genet Library Wondo Genet Library General Stacks 04/18/2022   541.3/078 EXP 1989 WGCFNRL00010085 04/18/2022 2 04/18/2022 Books like text book referance book